| 000 | 00850cam a22002411 4500 | ||
|---|---|---|---|
| 001 | ca 22000739 | ||
| 003 | DLC | ||
| 005 | 20260227111110.0 | ||
| 007 | cr_||||||||||| | ||
| 008 | 861022s1922 cau 000 0 eng | ||
| 010 | _aca 22000739 | ||
| 035 | _a(OCoLC)14479376 | ||
| 040 |
_aDLC _cCU-BANC _dDLC |
||
| 042 | _apremarc | ||
| 050 | 0 | 0 |
_aPS3511.A5 _bY6 1922 |
| 100 | 1 | _aFall, Nellie M. | |
| 245 | 1 | 0 |
_aYour mother and mine, _bthrough the maze of pride, lust, labor, color and creed, _cby Nellie M. Fall. |
| 260 |
_aLos Angeles, Calif., _bGrafton Publishing Corporation _c[c1922] |
||
| 300 |
_a10 l. _c19 cm. |
||
| 500 | _aPoems, printed on one side of double leaves folded once in Japanese style. | ||
| 530 | _aAlso available in digital form on the Internet Archive Web site. | ||
| 856 | 4 | 1 | _uhttp://hdl.loc.gov/loc.gdc/scd0001.00159068882 |
| 999 |
_c15654 _d15654 |
||